000 01310cam a22003494a 4500
001 15643970
003 OSt
005 20140310182431.0
008 090227s2009 stk bfe 000 0 eng
010 _a 2009008979
016 7 _a101497621
_2DNLM
020 _a9780443103292 (alk. paper)
020 _a9780443103292
035 _a(OCoLC)ocn312625411
040 _aDNLM/DLC
_cDLC
_dNLM
_dBWKUK
_dYDXCP
_dCUD
_dCDX
_dUBY
_dDLC
042 _apcc
050 0 0 _aR 733
_b.M292 2009
100 1 _aMantle, Fiona.
_98319
245 1 0 _aA-Z of complementary and alternative medicine :
_ba guide for health professionals /
_cFiona Mantle, Denise Tiran.
246 3 _aA to Z of complementary and alternative medicine
260 _aEdinburgh ;
_aNew York :
_bChurchill Livingstone,
_c2009.
300 _axv, 254 p. ;
_c22 cm.
541 _j1
562 _e1
583 _acat
_d20090415
_kasg/mpl
_5BUPB
650 0 _aAlternative medicine
_vEncyclopedias.
_98320
650 1 2 _aComplementary Therapies
_vHandbooks.
_98321
700 1 _aTiran, Denise.
_98322
906 _a7
_bcbc
_corignew
_d1
_eecip
_f20
_gy-gencatlg
942 _2lcc
_cSSLC
999 _c13357
_d13357